000 00447nam a2200193 a 4500
001 962
003 CO-ViMGA
008 141112s2004 ck r 000 u spa d
040 _aCO-ViMGA
_bspa
_cCO-ViMGA
082 0 4 _a813.54 U634b
100 1 _aUpdike, John
245 1 0 _aBrasil
250 _a3a
260 _aBarcelona :
_bTusquests,
_c1994
300 _a238 p
490 _aAndanzas
650 1 4 _aNOVELA ESTADOUNIDENSE
_9761
942 _2ddc
_cBK
999 _c13189
_d13189